000 00513nam a22001937a 4500
003 CEME
005 20210628203302.0
008 210204b xxu||||| |||| 00| 0 eng d
020 _a9780070648104
040 _c.
082 _a621.38275 KEI
100 _aKeiser, Gerd
_962172
245 _aOptical fiber communications
250 _a4TH
260 _aNEW DELHI
_bTATA MCGRAW HILL
_c2008
300 _aXXII, 573P
650 _aOPTICAL FIBER COMMUNICATIONS. , FIBER COMMUNICATIONS.
_964489
942 _cBK
_2ddc
999 _c572963
_d572963